000
00348pab a2200157 454500
008
180718b2008 xxu||||| |||| 00| 0 eng d
100
_a
Prasad, R. Siva
245
_a
Is there a fiction?
260
_c
2008
300
_a
p.451-60.
362
_a
Oct-Dec
650
_a
Tribes
773
_a
Eastern Anthropologist
908
_a
N
909
_a
82227
999
_c
82227
_d
82227